书目信息 |
| 题名: |
今日说法
|
|
| 作者: | 何淑文 , 王新中 主编 ;中央电视台 编 | |
| 分册: | 2005.1 | |
| 出版信息: | 北京 中国人民公安大学出版社 2005.04 |
|
| 页数: | 110页 | |
| 开本: | 22cm | |
| 丛书名: | ||
| 单 册: | ||
| 中图分类: | I235.1 , D920.5 | |
| 科图分类: | ||
| 主题词: | 电视节目--解说词--中国--当代 , 案例--分析--中国 | |
| 电子资源: | ||
| ISBN: | 7-81109-058-9 | |
| 000 | 00957nam0 2200265 450 | |
| 001 | 192004001123 | |
| 005 | 20070906124825.82 | |
| 010 | @a7-81109-058-9@dCNY16.00 | |
| 100 | @a20070531d2005 em y0chiy0121 ea | |
| 101 | 0 | @achi |
| 102 | @aCN@b110000 | |
| 105 | @aa z 000yy | |
| 200 | 1 | @a今日说法@Ajin ri shui fa@h2005.1@f中央电视台《今日说法》栏目组编@g王新中, 何淑文主编 |
| 210 | @a北京@c中国人民公安大学出版社@d2005.04 | |
| 215 | @a110页@c图@d22cm | |
| 330 | @a全书分四编,包括记者手记、案例精选、小撒信箱、说法档案。收录有幸福从未走近过、罪证、悲剧发生之后、小偷告失主、我的父亲母亲、正月里的悲剧、生命的代价等案例。 | |
| 606 | 0 | @a电视节目@x解说词@y中国@z当代 |
| 606 | 0 | @a案例@x分析@y中国 |
| 690 | @aI235.1@v4 | |
| 690 | @aD920.5@v4 | |
| 701 | 0 | @a何淑文@Ahe shu wen@4主编 |
| 701 | 0 | @a王新中@Awang xin zhong@4主编 |
| 712 | 02 | @a中央电视台@Azhong yang dian shi tai@b今日说法栏目组@4编 |
| 801 | 0 | @aCN@c20070906 |
| 905 | @dI235.1@eZ712 | |
| 今日说法.2005.1/中央电视台《今日说法》栏目组编/王新中, 何淑文主编.-北京:中国人民公安大学出版社,2005.04 |
| 110页:图;22cm |
| ISBN 7-81109-058-9:CNY16.00 |
| 全书分四编,包括记者手记、案例精选、小撒信箱、说法档案。收录有幸福从未走近过、罪证、悲剧发生之后、小偷告失主、我的父亲母亲、正月里的悲剧、生命的代价等案例。 |
| ● |
| 相关链接 |
|
|
|
正题名:今日说法
索取号:I235.1/Z712
 
预约/预借
| 序号 | 登录号 | 条形码 | 馆藏地/架位号 | 状态 | 备注 |
| 1 | 623598 | 206235983 | 文学库108/108文学库 20排1列4层/ [索取号:I235.1/Z712] | 在馆 | |
| 2 | 623599 | 206235992 | 文学库108/108文学库 20排1列4层/ [索取号:I235.1/Z712] | 在馆 | |
| 3 | 623600 | 206236009 | 文学库108/108文学库 20排1列4层/ [索取号:I235.1/Z712] | 在馆 |